Statistics for SAT Words HARD Click Quiz - D #4

Click here to take the quiz!

General Stats

  • This quiz has been taken 91 times
  • The average score is 11 of 15

Answer Stats

HintAnswer% Correct
Japanese feudal lord or baronDaimyo
90%
Shortness of breathDyspnea
90%
State of uneasiness; anxietyDisquietude
85%
Treacherous cowardDastard
82%
Low-cut neckline of a dress or blouseDécolletage
82%
Excessively harsh and strictDraconian
81%
Intended to teach; giving moral instructionDidactic
76%
Wildly digressing; ramblingDiscursive
74%
Of or relating to the common peopleDemotic
73%
Mournful or melancholicDolorous
68%
Avant-garde with a focus on irrationalityDadaist
66%
Emerge from cover into an open areaDebouch
63%
Brave, persistentDoughty
61%
Lacking moral restraintDissolute
53%
State of anger or indignationDudgeon
34%

Score Distribution

Percentile by Number Answered

Percent of People with Each Score

Your Score History

You have not taken this quiz